| 000 | 00628nam a2200169 a 4500 | ||
|---|---|---|---|
| 001 | 000036327 | ||
| 005 | 20260313093410.0 | ||
| 008 | 120113s1995 ag 000 0 spa d | ||
| 040 |
_aDO-SdBNP _bspa _cBNPHU |
||
| 100 | 1 |
_aGoldman, Ralph M. _947916 |
|
| 245 | 1 | 0 |
_aDe los conflictos armados a las políticas partidarias : _bla transición crítica hacia el control civil / _cRalph M. Goldman ; traducción Teresa Cillo. |
| 260 |
_a[Buenos Aires] : _bEdiciones Devenir, _c1995. |
||
| 300 |
_a282 p. ; _c23 cm. |
||
| 650 | 2 | 4 |
_aConflictos armados _962485 |
| 650 | 2 | 0 |
_aCiencias políticas _92426 |
| 700 | 1 |
_aCillo, Teresa, _etrad. _948439 |
|
| 999 |
_c35818 _d35818 |
||